A textbook of economic theory / (Record no. 112593)
[ view plain ]
| 000 -LEADER | |
|---|---|
| fixed length control field | 01157nam a2200373 a 4500 |
| 001 - CONTROL NUMBER | |
| control field | vtls000107150 |
| 003 - CONTROL NUMBER IDENTIFIER | |
| control field | NLI |
| 005 - DATE AND TIME OF LATEST TRANSACTION | |
| control field | 20210601202725.0 |
| 008 - FIXED-LENGTH DATA ELEMENTS--GENERAL INFORMATION | |
| fixed length control field | 101125s1962 enka 001 0 eng |
| 020 ## - INTERNATIONAL STANDARD BOOK NUMBER | |
| Terms of availability | PND 12.95 |
| 039 #9 - LEVEL OF BIBLIOGRAPHIC CONTROL AND CODING DETAIL [OBSOLETE] | |
| -- | 201011251205 |
| -- | VLOAD |
| 040 ## - CATALOGING SOURCE | |
| Original cataloging agency | NLI |
| Language of cataloging | eng |
| Transcribing agency | DataSoft |
| Description conventions | AACR2 |
| 041 0# - LANGUAGE CODE | |
| Language code of text/sound track or separate title | eng |
| 044 ## - COUNTRY OF PUBLISHING/PRODUCING ENTITY CODE | |
| MARC country code | enk |
| 082 04 - DEWEY DECIMAL CLASSIFICATION NUMBER | |
| Classification number | 330.1 |
| 100 1# - MAIN ENTRY--PERSONAL NAME | |
| Personal name | Stonier, Alfred W. |
| 9 (RLIN) | 226427 |
| 245 12 - TITLE STATEMENT | |
| Title | A textbook of economic theory / |
| Statement of responsibility, etc. | by Alfred W. Stonier and Douglas C. Hague |
| 260 ## - PUBLICATION, DISTRIBUTION, ETC. | |
| Place of publication, distribution, etc. | London : |
| Name of publisher, distributor, etc. | English Language Book Society, |
| Date of publication, distribution, etc. | 1962 |
| 300 ## - PHYSICAL DESCRIPTION | |
| Extent | vi, 513 p. : |
| Other physical details | ill. ; |
| Dimensions | 22 cm. |
| 500 ## - GENERAL NOTE | |
| General note | Includes index |
| 500 ## - GENERAL NOTE | |
| General note | Library has 3 cops. |
| 650 #0 - SUBJECT ADDED ENTRY--TOPICAL TERM | |
| Topical term or geographic name entry element | Equilibrium (Ecomomics) |
| 9 (RLIN) | 226428 |
| 650 #0 - SUBJECT ADDED ENTRY--TOPICAL TERM | |
| Topical term or geographic name entry element | Economics |
| 9 (RLIN) | 2844 |
| 700 1# - ADDED ENTRY--PERSONAL NAME | |
| Personal name | Hague, Douglas C., |
| Relationship | jt. aut |
| 9 (RLIN) | 226429 |
| 887 ## - NON-MARC INFORMATION FIELD | |
| Content of non-MARC field | |
| 901 ## - LOCAL DATA ELEMENT A, LDA (RLIN) | |
| a | 449507 |
| b | 12.02.1979 |
| 901 ## - LOCAL DATA ELEMENT A, LDA (RLIN) | |
| a | 372346 |
| b | 12.07.1965 |
| 9 | c2 |
| 901 ## - LOCAL DATA ELEMENT A, LDA (RLIN) | |
| a | 331943 |
| b | 28.03.1960 |
| 9 | (1) |
| 902 ## - LOCAL DATA ELEMENT B, LDB (RLIN) | |
| a | E330.1 St72 |
| 949 ## - LOCAL PROCESSING INFORMATION (OCLC) | |
| -- | VIRTUAITEM |
| -- | 10000 |
| -- | 100 |
| 6 | PUR000449507ENG |
| 942 ## - ADDED ENTRY ELEMENTS (KOHA) | |
| Source of classification or shelving scheme | Dewey Decimal Classification |
| Koha item type | Books |
| 949 ## - LOCAL PROCESSING INFORMATION (OCLC) | |
| -- | VIRTUAITEM |
| -- | 10000 |
| -- | 100 |
| 6 | PUR000372346ENG |
| 949 ## - LOCAL PROCESSING INFORMATION (OCLC) | |
| -- | VIRTUAITEM |
| -- | 10000 |
| -- | 100 |
| 6 | PUR000331943ENG |
| 9 | (1) |
| Withdrawn status | Lost status | Damaged status | Not for loan | Collection code | Home library | Current library | Shelving location | Date acquired | Total Checkouts | Full call number | Barcode | Date last seen | Price effective from | Koha item type |
|---|---|---|---|---|---|---|---|---|---|---|---|---|---|---|
| New English | National Library of India | National Library of India | New English - Main Stack Division | E330.1 St72 | PUR000449507ENG | 01/06/2021 | 01/06/2021 | Books | ||||||
| New English | National Library of India | National Library of India | New English - Main Stack Division | E330.1 St72 | PUR000372346ENG | 01/06/2021 | 01/06/2021 | Books | ||||||
| New English | National Library of India | National Library of India | New English - Main Stack Division | E330.1 St72 | PUR000331943ENG | 01/06/2021 | 01/06/2021 | Books |
